| 000 | 00887nam2a22002291 4500 | ||
|---|---|---|---|
| 001 | rc\3495042 | ||
| 005 | 20250610012211.0 | ||
| 035 | _a(NLR Aleph) 007609573 | ||
| 090 |
_a5802664 _c5802664 |
||
| 100 | _a20130115d1970 |||y0rusy50 ca | ||
| 101 | 0 | _arus | |
| 102 | _aRU | ||
| 105 | _aa z ||||| | ||
| 200 | 0 |
_aЧ. 2 _e[3 и 4 класс] |
|
| 210 |
_d1970 _aБ. м. |
||
| 215 |
_a159 с. _cил. |
||
| 461 | 0 |
_1001rc\3495040 _12001#$aРусский язык в картинках$e[Для нац. школ]$vЧ. 2 _1700#1$aБаранников$bИ.В.$gИннокентий Васильевич _95802645 _aБаранников, И.В. _cМосква _d1970 _e6-е изд. _nПросвещение _o[Для нац. школ] _tРусский язык в картинках _vЧ. 2 |
|
| 801 | 0 |
_aRU _bNLR _gpsbo |
|
| 801 | 1 |
_aRU _bELAR _2rusmarc |
|
| 852 |
_aNLR _j90-7/63 |
||
| 942 | _cBOOK | ||
| 980 | _aNB | ||